[Event "Challenge"]
[Site "http://www.queenalice.com/game.php?id=1166463"]
[Date "2013.3.31"]
[Round "-"]
[White "travignolo"]
[Black "Nikita"]
[Result "1-0"]
[WhiteElo "1628"]
[BlackElo "1493"]

1. d4 e6 2. Nf3 Nc6 3. a3 Nf6 4. Bg5 h6 5. Bxf6 Qxf6 6. e3 g5 7. g4 e5 8. dxe5
Nxe5 9. Nxe5 Qxe5 10. Nc3 d6 11. Qf3 Bg7 12. O-O-O Qa5 13. Bb5+ Bd7 14. Bxd7+
Kxd7 15. Qxf7+ Kc6 16. Qxg7 Raf8 17. h4 gxh4 18. Rxh4 b5 19. Rh5 b4 20. Rxa5 Kb6
21. Rb5+ Kc6 22. Rxb4 Rfg8 23. Rc4+ Kb7 24. Qxc7+ Ka8 25. Qc6+ Kb8 26. Rb4# 1-0

[Event "Challenge"]
[Site "http://www.queenalice.com/game.php?id=1166498"]
[Date "2013.3.31"]
[Round "-"]
[White "travignolo"]
[Black "Knightgirl"]
[Result "0-1"]
[WhiteElo "1641"]
[BlackElo "1632"]

1. d4 Nf6 2. Nf3 d5 3. Bg5 Ng4 4. h3 Nf6 5. Bxf6 exf6 6. e3 Nc6 7. Bb5 Bd6 8.
Bxc6+ bxc6 9. Nc3 Bb4 10. O-O Bxc3 11. bxc3 O-O 12. Re1 Rb8 13. Nd2 Qd6 14. c4
c5 15. dxc5 Qxc5 16. cxd5 Qxd5 17. e4 Qg5 18. Re3 Rd8 19. Rg3 Qxd2 20. Rd3 Rxd3
21. cxd3 Qg5 22. Qf3 Rb2 23. a4 Qe5 24. Rf1 Bd7 25. a5 h6 26. a6 Bc8 27. Qe3
Bxa6 28. Qxa7 Bxd3 29. Rc1 Bxe4 30. Qxc7 Qg5 31. g3 Qd2 32. Qc5 Rb3 33. Qc7 Rf3
34. Rf1 Bd3 35. Qd6 Qe2 0-1

[Event "Challenge"]
[Site "http://www.queenalice.com/game.php?id=1169103"]
[Date "2013.4.7"]
[Round "-"]
[White "Nikita"]
[Black "travignolo"]
[Result "0-1"]
[WhiteElo "1501"]
[BlackElo "1633"]

1. e4 c5 2. Bc4 Nc6 3. Bb5 g6 4. Bxc6 bxc6 5. Nf3 Ba6 6. d3 Rb8 7. Nc3 Bg7 8. e5
d6 9. d4 dxe5 10. dxe5 Qc7 11. Bf4 Rxb2 12. Rb1 Rb8 13. g3 Rd8 14. Qc1 e6 15.
Bg5 Bxe5 16. Bxd8 Bxc3+ 17. Nd2 Qxd8 18. Rb3 Bxd2+ 19. Qxd2 Ne7 20. Qxd8+ Kxd8
21. Rb8+ Nc8 22. Kd2 Kc7 23. Rb3 Rd8+ 24. Kc1 Nb6 25. Ra3 Kb7 26. Re1 Rd5 27.
Rf3 Rf5 28. Rfe3 Rxf2 29. Rc3 Na4 30. Ra3 Bb5 31. Rh1 Rf1+ 32. Kd2 Rxh1 33. Rf3
f5 34. Re3 Rxh2+ 35. Ke1 Bc4 36. Ra3 Nb2 37. Rc3 Re2+ 38. Kf1 Rxc2+ 0-1

[Event "Challenge"]
[Site "http://www.queenalice.com/game.php?id=1173566"]
[Date "2013.4.20"]
[Round "-"]
[White "ki2013"]
[Black "travignolo"]
[Result "0-1"]
[WhiteElo "1471"]
[BlackElo "1621"]

1. e4 c5 2. d4 cxd4 3. Qxd4 Nf6 4. Nc3 Nc6 5. Qd1 e6 6. Bg5 Be7 7. Bxf6 Bxf6 8.
Qd3 Ne5 9. Qd2 b6 10. Be2 Bb7 11. Nf3 Rc8 12. Nxe5 Bxe5 13. Bf3 d5 14. Rd1 dxe4
15. Qxd8+ Rxd8 16. Rxd8+ Kxd8 17. Bxe4 Bxe4 18. Nxe4 Bxb2 19. Ke2 Ke7 20. Rd1
Rd8 21. Rxd8 Kxd8 22. Kd3 Ke7 23. f3 f5 24. Nd2 g5 25. h3 h5 26. Nc4 Ba1 27. c3
b5 28. Ne3 a5 29. Nc2 Bb2 30. Nd4 b4 31. cxb4 axb4 32. Nc6+ Kd6 33. Nxb4 e5 34.
Kc4 e4 35. fxe4 fxe4 36. Nc2 Ke5 37. a4 e3 38. Nxe3 Bd4 39. a5 Bxe3 40. Kd3 Kf4
0-1

[Event "Looking for a fast player"]
[Site "http://www.queenalice.com/game.php?id=1176281"]
[Date "2013.4.28"]
[Round "-"]
[White "drbhat"]
[Black "travignolo"]
[Result "0-1"]
[WhiteElo "1781"]
[BlackElo "1580"]

1. b3 Nf6 2. Bb2 d6 3. g3 g6 4. Bg2 Bg7 5. d3 b6 6. Bxa8 c6 7. c4 Bd7 8. Nd2 Na6
9. Bxc6 Bxc6 10. Ngf3 Bxf3 11. Nxf3 O-O 12. Qc2 Re8 13. O-O-O Nb4 14. Qb1 a5 15.
e4 Ng4 16. Rd2 Bh6 17. Bd4 Bxd2+ 18. Kxd2 e5 19. h3 exd4 20. hxg4 Nc6 21. Rh3
Ne5 22. Nxe5 dxe5 23. Qh1 Kf8 24. Rxh7 Ke7 25. Qh4+ Ke6 26. Qxd8 Rxd8 27. Kc2
Rc8 28. Kb2 Rc7 29. f4 Rc5 30. Rh8 b5 31. Ra8 b4 32. a3 f6 33. axb4 axb4 34. Rb8
f5 35. Rxb4 fxg4 36. Rb6+ Kf7 37. b4 Rc8 38. fxe5 Re8 39. e6+ Rxe6 40. c5 Ke7
41. c6 g5 42. Rb7+ Kd8 43. b5 Kc8 44. Kb3 Rd6 45. Kb4 Re6 46. Kc5 Rf6 47. Kb6
Rd6 48. Ka7 Re6 49. Rd7 Rf6 50. Rxd4 Rf3 51. b6 Rf1 52. Ka6 Ra1+ 53. Kb5 Rb1+
54. Kc5 Rc1+ 55. Kd6 Rb1 56. b7+ Kb8 57. Ra4 Rxb7 58. cxb7 Kxb7 59. Rc4 Kb6 60.
Rc5 Kb7 61. Rc6 Kb8 62. Rc7 Ka8 63. Kc6 Kb8 64. Kb6 Ka8 0-1

[Event "AUTO-INT-2622"]
[Site "http://www.queenalice.com/game.php?id=1176670"]
[Date "2013.4.29"]
[Round "1"]
[White "guy92"]
[Black "travignolo"]
[Result "1-0"]
[WhiteElo "1400"]
[BlackElo "1615"]

1. d4 d5 2. c4 c6 3. cxd5 cxd5 4. Nc3 Nc6 5. Nf3 Nf6 6. Bg5 Bf5 7. a3 e6 8. e3
Be7 9. Be2 Ne4 10. Bxe7 Nxe7 11. O-O O-O 12. Nd2 Rc8 13. Ncxe4 dxe4 14. f3 exf3
15. Nxf3 Be4 16. Ng5 Bc6 17. Bd3 Ng6 18. Qh5 h6 19. Nxf7 Rxf7 20. Qxg6 Rf6 21.
Rxf6 Qxf6 22. Qh7+ Kf7 23. Rf1 Qxf1+ 24. Kxf1 Rf8 25. Kg1 Rg8 26. Qg6+ Ke7 27.
Bc4 Bd7 28. d5 exd5 29. Bxd5 Rf8 30. Qxg7+ Ke8 31. Bxb7 Bb5 32. Qe5+ 1-0

[Event "AUTO-INT-2622"]
[Site "http://www.queenalice.com/game.php?id=1176671"]
[Date "2013.4.29"]
[Round "1"]
[White "travignolo"]
[Black "guy92"]
[Result "0-1"]
[WhiteElo "1644"]
[BlackElo "1346"]

1. d4 d5 2. Nf3 Nf6 3. e3 Bg4 4. Nbd2 Nc6 5. c3 e5 6. dxe5 Nxe5 7. Be2 Nxf3+ 8.
Nxf3 Bd6 9. Nh4 Bxe2 10. Qxe2 O-O 11. O-O Ne4 12. c4 Qxh4 13. g3 Qh3 14. f4 dxc4
15. Qxc4 Rae8 16. Rd1 Re6 17. b3 Rg6 18. Qxe4 h5 19. Qg2 Qg4 20. Rf1 h4 21. Rf3
Bc5 22. h3 Qf5 23. g4 Qd3 24. Bd2 Rd6 25. Rd1 Re8 26. Qe2 Qxe2 0-1

[Event "AUTO-INT-2622"]
[Site "http://www.queenalice.com/game.php?id=1176688"]
[Date "2013.4.29"]
[Round "1"]
[White "travignolo"]
[Black "Betim_Xadrez"]
[Result "0-1"]
[WhiteElo "1621"]
[BlackElo "1648"]

1. c4 c5 2. Nc3 Nc6 3. Nf3 Nf6 4. e4 d6 5. Be2 g6 6. Ng5 Bg7 7. Nd5 O-O 8. b3
Nxe4 9. Nxe4 Bxa1 10. d3 Qa5+ 11. Bd2 Qxa2 12. O-O Bg7 13. b4 Nxb4 14. Nxb4 cxb4
15. Bxb4 Bf5 16. Bf3 a5 17. Bd2 d5 18. cxd5 Bxe4 19. dxe4 b5 20. Bf4 b4 21. Qb1
Qxb1 22. Rxb1 e5 23. Bd1 exf4 24. f3 Rfb8 25. d6 a4 26. d7 b3 27. g3 fxg3 28.
hxg3 b2 29. f4 a3 30. Bf3 a2 31. Rd1 b1=Q 0-1

[Event "AUTO-INT-2622"]
[Site "http://www.queenalice.com/game.php?id=1176689"]
[Date "2013.4.29"]
[Round "1"]
[White "Betim_Xadrez"]
[Black "travignolo"]
[Result "0-1"]
[WhiteElo "1637"]
[BlackElo "1604"]

1. e4 c6 2. d4 d5 3. e5 e6 4. Nf3 Ne7 5. Nc3 g6 6. Be2 Bg7 7. O-O O-O 8. Be3 Qc7
9. Qd2 Nd7 10. Bh6 Nf5 11. Bxg7 Nxg7 12. h3 f6 13. exf6 Rxf6 14. Rfe1 e5 15. Qh6
exd4 16. Nd1 Ne5 17. Ng5 Nf5 18. Qxh7+ Qxh7 19. Nxh7 Kxh7 20. c3 d3 21. Bg4 Re6
22. Bxf5 Nf3+ 23. gxf3 Rxe1+ 24. Kg2 Bxf5 0-1

[Event "AUTO-INT-2622"]
[Site "http://www.queenalice.com/game.php?id=1176690"]
[Date "2013.4.29"]
[Round "1"]
[White "travignolo"]
[Black "ratorei"]
[Result "0-1"]
[WhiteElo "1597"]
[BlackElo "2084"]

1. c4 Nf6 2. Nc3 e6 3. Nf3 Bb4 4. d4 d5 5. c5 Ne4 6. Bd2 Nxd2 7. Nxd2 c6 8. e4
dxe4 9. Ncxe4 O-O 10. Nd6 Qf6 11. Nxc8 Rxc8 12. Qg4 Rd8 13. d5 Rxd5 14. Qxb4 Qd4
15. Qxd4 Rxd4 16. O-O-O a5 17. a3 a4 18. g3 Kf8 19. Bg2 Na6 20. Nf3 Rxd1+ 21.
Rxd1 Nxc5 22. Ne5 Ke7 23. Kc2 f6 24. Nc4 Nd7 25. h4 Ra6 26. Nd6 b5 27. Bf1 Nb6
28. Nb7 Nd5 29. Bg2 Rb6 30. Nc5 Rb8 31. Re1 e5 32. Na6 Rc8 33. f4 Kd6 34. fxe5+
fxe5 35. Kd3 Rf8 36. Ke2 h6 37. Rd1 Ke6 38. Nc5+ Kd6 39. Nb7+ Ke6 40. Rc1 Kd7
41. Rf1 Rxf1 42. Bxf1 Kc7 43. Nc5 Kd6 44. Ne4+ Kc7 45. Nc3 Nf6 46. Kf3 Kb6 47.
Ne4 Nd5 48. h5 c5 49. Nd6 b4 50. Ke4 Nf6+ 51. Kxe5 Nxh5 52. g4 Nf6 53. Kf5 Kc6
54. Ne4 Nd5 55. Be2 g6+ 56. Ke5 Nc7 57. Bf3 Kb6 58. Be2 Nb5 59. Bxb5 Kxb5 60.
Kd5 h5 61. gxh5 gxh5 62. Nxc5 h4 63. Kd4 bxa3 64. bxa3 h3 65. Nd3 h2 66. Nf2 Kb6
67. Kc4 Ka5 68. Nh1 Kb6 69. Kb4 Ka6 70. Kxa4 Kb6 71. Kb4 Ka6 72. a4 Kb6 73. a5+
Ka6 74. Ka4 Kb7 75. Kb5 Ka7 76. Kc4 Ka6 77. Kd3 Kxa5 78. Ke2 Kb4 79. Kf2 Kc5 80.
Kg2 Kd6 81. Ng3 Ke5 82. Kxh2 Kf4 83. Kg2 Kg4 84. Ne4 Kf4 85. Nf2 Ke3 86. Kg3 Ke2
87. Ng4 Ke1 88. Kf3 Kd1 89. Ke3 Ke1 90. Nf2 Kf1 0-1

[Event "AUTO-INT-2622"]
[Site "http://www.queenalice.com/game.php?id=1176691"]
[Date "2013.4.29"]
[Round "1"]
[White "ratorei"]
[Black "travignolo"]
[Result "1-0"]
[WhiteElo "1726"]
[BlackElo "1591"]

1. d4 d5 2. c4 c6 3. e3 Nf6 4. Nc3 dxc4 5. Bxc4 Bf5 6. Nge2 e6 7. O-O Bd6 8. f3
O-O 9. e4 b5 10. Bb3 Bxh2+ 11. Kxh2 Qc7+ 12. Bf4 Qd7 13. exf5 exf5 14. Qd2 Na6
15. a3 Nc7 16. Bc2 Ncd5 17. Nxd5 Nxd5 18. Bg3 Rfe8 19. Rfe1 Re7 20. Nf4 Nxf4 21.
Qxf4 Rae8 22. Qxf5 g6 23. Qxd7 Rxd7 24. Rxe8+ Kg7 25. Rd1 a5 26. Kg1 Rd5 27. Re7
a4 28. Rc7 Rg5 29. Be5+ Kf8 30. Rxc6 Ke7 31. Bf6+ Kd7 32. Bxg5 Kxc6 33. d5+ Kd6
34. Bf6 h6 35. Kf2 h5 36. Be4 b4 37. axb4 h4 38. Rc1 1-0

[Event "Cheers !"]
[Site "http://www.queenalice.com/game.php?id=1182044"]
[Date "2013.5.17"]
[Round "-"]
[White "travignolo"]
[Black "drbhat"]
[Result "0-1"]
[WhiteElo "1606"]
[BlackElo "1786"]

1. f4 Nf6 2. Nf3 e6 3. b3 Nc6 4. e3 Ne7 5. Bb2 Ng6 6. Bc4 d5 7. Bb5+ c6 8. Bd3
Bd6 9. Bxg6 fxg6 10. Ne5 O-O 11. h3 Ne4 12. Qf3 Qh4+ 13. g3 Qf6 14. d3 Bxe5 15.
Bxe5 Qxe5 16. fxe5 Rxf3 17. dxe4 Rxe3+ 18. Kf2 Rxe4 19. Re1 Rxe1 20. Kxe1 d4 21.
Nd2 b6 22. Ne4 c5 23. Kd2 Bb7 24. Kd3 Bxe4+ 25. Kxe4 Rf8 26. Rc1 Rf2 27. a4 g5
28. c3 Re2+ 29. Kd3 Re3+ 30. Kc4 Rxg3 31. cxd4 Rxh3 32. d5 exd5+ 33. Kxd5 Rxb3
34. e6 Re3 0-1

[Event "Challenge"]
[Site "http://www.queenalice.com/game.php?id=1200512"]
[Date "2013.7.17"]
[Round "-"]
[White "travignolo"]
[Black "FrancisJP2012"]
[Result "1-0"]
[WhiteElo "1622"]
[BlackElo "1489"]

1. c4 e6 2. Nf3 d5 3. e3 Nf6 4. d4 c6 5. Nc3 Bb4 6. cxd5 cxd5 7. Ne5 Nbd7 8. Qa4
a5 9. Bb5 O-O 10. O-O Nxe5 11. dxe5 Nd7 12. Bxd7 Bxd7 13. Qd1 Rc8 14. Bd2 Qc7
15. f4 f6 16. Rc1 fxe5 17. Nxd5 Qd8 18. Nxb4 axb4 19. Bxb4 Rf5 20. fxe5 Bb5 21.
Rf4 Rxe5 22. Rxc8 Qxc8 23. Rf8+ Qxf8 24. Bxf8 Kxf8 25. Qd6+ Kf7 26. Qxe5 Be2 27.
Qc7+ Kg6 28. Qxb7 h5 29. Qc7 Bg4 30. Qf4 Bf5 31. h3 Kf6 32. e4 g5 33. Qf3 g4 34.
Qc3+ Kg5 35. exf5 Kxf5 36. h4 e5 37. g3 Ke4 38. Kf2 Kf5 39. Ke3 Kf6 40. Ke4 Ke6
41. Qxe5+ Kd7 42. Kd5 Kc8 43. Kc6 Kd8 44. Qc7+ Ke8 45. Kd6 Kf8 46. Qe7+ Kg8 47.
Ke6 Kh8 48. Kf6 Kg8 49. Qg7# 1-0

[Event "Challenge"]
[Site "http://www.queenalice.com/game.php?id=1211212"]
[Date "2013.8.24"]
[Round "-"]
[White "drbhat"]
[Black "travignolo"]
[Result "0-1"]
[WhiteElo "1669"]
[BlackElo "1643"]

1. d4 f5 2. Nf3 Nf6 3. c4 e6 4. Nc3 Bb4 5. a3 Bxc3+ 6. bxc3 d6 7. g3 b6 8. e3
Bb7 9. Bg2 Nbd7 10. Nh4 Bxg2 11. Nxg2 O-O 12. O-O c5 13. d5 e5 14. Qc2 e4 15. f3
Ne5 16. fxe4 Nxe4 17. Bb2 Qg5 18. Rf4 Ng6 19. Rff1 Ne5 20. Rae1 Rf6 21. Nf4 Rh6
22. Bc1 Nxg3 23. Qg2 Ne4 24. Qxg5 Nxg5 25. Kg2 Rf8 26. Ne2 Ng4 27. Ng3 Rxh2+ 28.
Kg1 Nh3# 0-1

[Event "Challenge"]
[Site "http://www.queenalice.com/game.php?id=1215482"]
[Date "2013.9.9"]
[Round "-"]
[White "zmanomega"]
[Black "travignolo"]
[Result "0-1"]
[WhiteElo "1483"]
[BlackElo "1595"]

1. e4 c5 2. Bb5 a6 3. Bc4 e6 4. Nf3 d6 5. d3 g6 6. Bf4 Bg7 7. d4 cxd4 8. Nxd4 e5
9. Nf5 Bxf5 10. exf5 exf4 11. Qe2+ Be5 12. Qxe5+ dxe5 13. O-O Nc6 14. fxg6 fxg6
15. Nc3 Nge7 16. Ne4 Rf8 17. c3 Nf5 18. Ng5 Qxg5 19. Bd5 O-O-O 20. Be6+ Kb8 21.
Bc4 Rd2 22. b4 e4 23. Be6 Ne3 0-1

[Event "Challenge"]
[Site "http://www.queenalice.com/game.php?id=1215637"]
[Date "2013.9.9"]
[Round "-"]
[White "roli68"]
[Black "travignolo"]
[Result "0-1"]
[WhiteElo "1583"]
[BlackElo "1607"]

1. e4 c5 2. c4 d6 3. Qa4+ Bd7 4. Qb3 Nc6 5. Qxb7 Nd4 6. Kd1 a5 7. Qd5 e5 8. Nf3
Bc6 9. Nc3 Bxd5 10. cxd5 Nf6 11. h3 Rb8 12. g4 Nxf3 13. Bg2 Nh4 14. Bf1 Be7 15.
Nb5 Nxe4 16. Rh2 Rb7 17. a4 O-O 18. d3 Ng5 19. Be2 Qd7 20. Nc3 f5 21. f3 fxg4
22. fxg4 Nhf3 23. Rh1 Nd4 24. h4 Nxe2 25. Nxe2 Nf3 26. g5 Nd4 27. Rg1 Rf2 28.
Nxd4 cxd4 29. Ke1 Qf5 30. h5 Rb3 31. Ra3 Rxa3 32. bxa3 Qf3 33. h6 Qe2# 0-1

[Event "Challenge"]
[Site "http://www.queenalice.com/game.php?id=1218647"]
[Date "2013.9.21"]
[Round "-"]
[White "travignolo"]
[Black "zmanomega"]
[Result "1-0"]
[WhiteElo "1633"]
[BlackElo "1478"]

1. f4 d5 2. Nf3 Bg4 3. d3 Bxf3 4. gxf3 Qd6 5. b3 Nc6 6. Bb2 Qxf4 7. Qd2 Qh4+ 8.
Kd1 e5 9. Qe1 Qf6 10. Nd2 Nb4 11. c3 Nc6 12. Rc1 Bd6 13. h3 O-O-O 14. Rg1 d4 15.
Ne4 Qe7 16. Nxd6+ Kb8 17. Nc4 f6 18. Ba3 Qe6 19. Rxg7 Rd7 20. Rxd7 Qxd7 21. cxd4
Qxd4 22. Na5 Nxa5 23. Qxa5 c6 24. Bc5 Qd7 25. Qxa7+ Kc7 26. Bg2 Ne7 27. Qa5+ Kb8
28. Qa7+ Kc7 29. Rc4 Nd5 30. f4 Rg8 31. Bb6+ Kd6 32. fxe5+ Ke6 33. Bxd5+ cxd5
34. Rc7 Qe8 35. exf6 Kxf6 36. Qxb7 Rg2 37. Qc6+ Kf5 38. Qxe8 1-0

[Event "Challenge"]
[Site "http://www.queenalice.com/game.php?id=1219569"]
[Date "2013.9.24"]
[Round "-"]
[White "travignolo"]
[Black "roli68"]
[Result "1-0"]
[WhiteElo "1660"]
[BlackElo "1584"]

1. c4 d5 2. cxd5 Qxd5 3. Nc3 Qc6 4. Nf3 Na6 5. e3 h5 6. Bb5 Qxb5 7. Nxb5 Bd7 8.
Nfd4 e5 9. Qc2 exd4 10. Nxc7+ Nxc7 11. Qxc7 Rc8 12. Qe5+ Ne7 13. Qxd4 Nc6 14.
Qc3 Nb4 15. Qe5+ Kd8 16. O-O Nd3 17. Qd4 Nc5 18. b4 Ne6 19. Qxa7 Bxb4 20. Qb6+
Rc7 21. Qxb4 g6 22. Qa3 Nc5 23. Bb2 Re8 24. Rac1 Nd3 25. Qxd3 Re6 26. Bc3 Ke8
27. Bb4 Rc8 28. Rxc8+ Bxc8 29. Qb5+ Kd8 30. Ba5+ b6 31. Bxb6+ Ke7 32. Qc5+ Kd7
33. Qc7+ Ke8 34. Qxc8+ Ke7 35. Qd8# 1-0

[Event "Challenge"]
[Site "http://www.queenalice.com/game.php?id=1222634"]
[Date "2013.10.6"]
[Round "-"]
[White "FrancisJP2012"]
[Black "travignolo"]
[Result "0-1"]
[WhiteElo "1476"]
[BlackElo "1695"]

1. e4 c5 2. c4 Nc6 3. Nf3 d6 4. Nc3 Bg4 5. Qa4 Bxf3 6. gxf3 Nf6 7. d3 e5 8. Bg5
Be7 9. h4 h6 10. Be3 O-O 11. O-O-O Nh5 12. Nd5 a6 13. f4 Nxf4 14. Bxf4 exf4 15.
f3 Bxh4 16. Qb3 Bf2 17. Qxb7 Na5 18. Qb6 Qxb6 19. Nxb6 Ra7 20. Rd2 Be3 21. Rh2
Rb8 22. Nd5 Bxd2+ 23. Rxd2 Nc6 24. Nxf4 Nd4 25. Rf2 g5 26. Nh5 a5 27. Be2 Nxe2+
28. Rxe2 Kh7 29. e5 Kg6 30. Ng3 Re7 31. b3 dxe5 32. Ne4 Rd8 33. Nxc5 f5 34. Kc2
h5 35. Kc3 g4 36. fxg4 hxg4 37. a3 g3 38. b4 axb4+ 39. axb4 Kf6 40. b5 Rc8 41.
Kb4 Rec7 42. b6 Rg7 43. Kb5 g2 44. b7 Rxb7+ 45. Nxb7 g1=Q 46. c5 Qb1+ 47. Ka6
Ra8# 0-1

[Event "Challenge"]
[Site "http://www.queenalice.com/game.php?id=1225670"]
[Date "2013.10.18"]
[Round "-"]
[White "travignolo"]
[Black "drbhat"]
[Result "1-0"]
[WhiteElo "1673"]
[BlackElo "1667"]

1. c4 g5 2. d3 Bg7 3. Bxg5 Bxb2 4. Nd2 Bxa1 5. Qxa1 f6 6. Bh4 Nh6 7. Ngf3 Nc6 8.
g3 Nb4 9. Qb2 c5 10. Bg2 Nf5 11. a3 Nc6 12. e4 Nfd4 13. O-O d6 14. Nxd4 Nxd4 15.
Nb3 Qb6 16. Rb1 Nxb3 17. Qxb3 Qxb3 18. Rxb3 Be6 19. Rxb7 h5 20. f4 a6 21. e5
fxe5 22. Rxe7+ 1-0

[Event "REVANCHE"]
[Site "http://www.queenalice.com/game.php?id=1225990"]
[Date "2013.10.19"]
[Round "-"]
[White "travignolo"]
[Black "roli68"]
[Result "1-0"]
[WhiteElo "1683"]
[BlackElo "1543"]

1. c4 d5 2. cxd5 Qxd5 3. Nc3 Qe6 4. Nf3 Nf6 5. e3 Na6 6. d4 Ng4 7. Be2 f5 8. h3
Nf6 9. O-O h6 10. Qa4+ Bd7 11. Bb5 c6 12. Bxa6 bxa6 13. Qxa6 g5 14. Qb7 Rc8 15.
Ne5 Qd6 16. Nxd7 Nxd7 17. Qxc8+ Kf7 18. Qa6 Qc7 19. Bd2 Nb8 20. Qc4+ e6 21. Na4
Nd7 22. Bb4 Nb6 23. Qb3 f4 24. Bxf8 Rxf8 25. Nxb6 axb6 26. exf4 gxf4 27. Rfe1
Re8 28. Rac1 Kf6 29. Re5 c5 30. Qf3 Rf8 31. Qxf4+ Ke7 32. Rxe6+ Kd7 33. Qxf8
Kxe6 34. Re1+ Kd7 35. Re7+ Kc6 36. Rxc7+ Kxc7 37. Qxh6 cxd4 38. g4 d3 39. Qd2
Kc6 40. Qxd3 b5 41. Qf5 Kb6 42. b4 Ka6 43. a4 bxa4 44. Qa5+ Kb7 45. b5 Kc8 46.
Qxa4 Kb7 47. Qa6+ Kc7 48. Qc6+ Kd8 49. b6 Ke7 50. b7 Kf7 51. b8=R Kg7 52. Rb7+
Kf8 53. Qc8# 1-0

[Event "Challenge"]
[Site "http://www.queenalice.com/game.php?id=1226480"]
[Date "2013.10.22"]
[Round "-"]
[White "zmanomega"]
[Black "travignolo"]
[Result "0-1"]
[WhiteElo "1561"]
[BlackElo "1689"]

1. e4 c5 2. Qh5 b6 3. Bc4 Nh6 4. d3 g6 5. Qf3 Bb7 6. Nh3 e6 7. Bxh6 Bxh6 8. g4
O-O 9. Rg1 Bg7 10. c3 Nc6 11. Nd2 Ne5 12. Qg3 Nxc4 13. Nxc4 d5 14. exd5 Qxd5 15.
O-O-O Rfd8 16. f4 b5 17. Na5 Ba6 18. Ng5 Qxa2 19. Kc2 Qxa5 20. Ne4 b4 21. c4
Qa4+ 22. Kd2 Bxc4 23. Ke1 Bc3+ 24. Nxc3 bxc3 25. bxc3 Qc2 26. Rg2 Qxc3+ 27. Rdd2
Rxd3 0-1

[Event "revenge"]
[Site "http://www.queenalice.com/game.php?id=1226802"]
[Date "2013.10.24"]
[Round "-"]
[White "drbhat"]
[Black "travignolo"]
[Result "1-0"]
[WhiteElo "1665"]
[BlackElo "1700"]

1. f3 c5 2. e4 Nc6 3. Nc3 g6 4. b3 Bg7 5. Rb1 e6 6. f4 Nge7 7. Bb2 Nd4 8. Nf3
Nxf3+ 9. Qxf3 O-O 10. g4 b6 11. e5 Nc6 12. h4 Bb7 13. Qg3 Nd4 14. Rh3 Re8 15.
Bd3 d6 16. g5 dxe5 17. fxe5 Qc7 18. Nb5 Nxb5 19. Bxb5 Bc6 20. Bxc6 Qxc6 21. h5
Qe4+ 22. Kd1 Qf5 23. d3 Qf1+ 24. Kd2 Qxb1 25. Bc3 Qxa2 26. hxg6 fxg6 27. Qh4 Kf7
28. Qe4 Rad8 29. Rxh7 Rh8 30. Qb7+ Ke8 31. Qxg7 Rxh7 32. Qxh7 Qa6 33. Qxg6+ Kd7
34. Qf7+ Kc6 35. Qxe6+ Kb5 36. Qc4+ 1-0

[Event "Challenge"]
[Site "http://www.queenalice.com/game.php?id=1236633"]
[Date "2013.11.30"]
[Round "-"]
[White "Rossinante"]
[Black "travignolo"]
[Result "0-1"]
[WhiteElo "1098"]
[BlackElo "1693"]

1. Nf3 c5 2. c4 Nc6 3. Nc3 g6 4. a3 Bg7 5. d3 e6 6. e4 Nge7 7. Be2 a6 8. Be3 b6
9. O-O Bb7 10. Qd2 d5 11. cxd5 exd5 12. exd5 Nxd5 13. Nxd5 Qxd5 14. Ne1 O-O 15.
Bf3 Qd7 16. Bh6 Ne5 17. Bxg7 Nxf3+ 18. gxf3 Kxg7 19. Qc3+ Kg8 20. Rd1 Bxf3 21.
Nxf3 Qg4+ 22. Kh1 Qxf3+ 23. Kg1 Rad8 0-1

[Event "Rossinante"]
[Site "http://www.queenalice.com/game.php?id=1236636"]
[Date "2013.11.30"]
[Round "1"]
[White "spawnwolfwolverine"]
[Black "travignolo"]
[Result "1-0"]
[WhiteElo "1725"]
[BlackElo "1702"]

1. d4 e6 2. e3 g6 3. Nf3 Bg7 4. Bd3 Ne7 5. O-O b6 6. b3 Bb7 7. Ba3 d6 8. Nbd2 c5
9. c3 O-O 10. Bb2 Bxf3 11. Nxf3 d5 12. dxc5 bxc5 13. Rb1 1-0